Normal view
MARC view
Entry Personal Name
001 - CONTROL NUMBER
- control field: 160858
003 - CONTROL NUMBER IDENTIFIER
- control field: OSt
005 - DATE AND TIME OF LATEST TRANSACTION
- control field: 20220923211558.0
008 - FIXED-LENGTH DATA ELEMENTS
- fixed length control field: 220923|| aca||aabn | a|a d
040 ## - CATALOGING SOURCE
- Original cataloging agency: OSt
- Transcribing agency: OSt
100 ## - HEADING--PERSONAL NAME
- Personal name: सलारिया, महेन्द्र प्रसाद, ले
670 ## - SOURCE DATA FOUND
- Source citation: Work cat.: (OSt)300981: सलारिया, महेन्द्र प्रसाद, ले., भारतीय संस्कृति का स्वरूप, 2017
